[Event "Women's Speed Chess Q1"]
[Site "chess.com INT"]
[Date "2021.05.28"]
[Round "7"]
[White "Soumya, Swaminathan"]
[Black "Martynkova, Olena"]
[Result "0-1"]
[WhiteTitle "IM"]
[BlackTitle "WIM"]
[WhiteElo "2351"]
[BlackElo "2195"]
[WhiteFideId "5016193"]
[BlackFideId "14134039"]
[EventDate "2021.05.28"]

1. b3 e5 2. Bb2 Nc6 3. e3 Nf6 4. Bb5 d6 5. f4 Bd7 6. Ne2 Be7 7. O-O e4 8. Ng3 d5
9. c4 dxc4 10. bxc4 a6 11. Ba4 Nb4 12. Ba3 b5 13. Bb3 O-O 14. Nc3 Bc6 15. Nf5
Bc5 16. g4 Qd7 17. h3 Nd3 18. Bxc5 Nxc5 19. cxb5 axb5 20. Nd4 b4 21. Nce2 Nxb3
22. axb3 Bd5 23. Ng3 c5 24. Ndf5 g6 25. Nh6+ Kg7 0-1

[Event "Women's Speed Chess Q1"]
[Site "chess.com INT"]
[Date "2021.05.28"]
[Round "7"]
[White "Gevorgyan, Maria"]
[Black "Sedina, Elena"]
[Result "1-0"]
[WhiteTitle "WGM"]
[BlackTitle "IM"]
[WhiteElo "2219"]
[BlackElo "2291"]
[WhiteFideId "13300270"]
[BlackFideId "812153"]
[EventDate "2021.05.28"]

1. e4 e6 2. d4 d5 3. Bd3 dxe4 4. Bxe4 Nf6 5. Bf3 c5 6. Ne2 Nc6 7. Be3 cxd4 8.
Nxd4 Ne5 9. Nc3 a6 10. Qe2 Nxf3+ 11. Qxf3 Be7 12. O-O-O Qa5 13. Nc6 Qh5 14. Nxe7
Qxf3 15. gxf3 Kxe7 16. Bc5+ Ke8 17. Rhg1 Rg8 18. Bd4 Ke7 19. Na4 b5 20. Nb6 Rb8
21. a4 bxa4 22. Bc5+ Ke8 23. Nc4 Bd7 24. Nd6+ Kd8 25. Nxf7+ Kc8 26. Rd4 Rb5 27.
Nd6+ Kc7 28. Nxb5+ axb5 29. Bd6+ Kc6 30. Be5 Ne8 31. Rgd1 Bc8 32. Rd8 Bb7 33.
R1d7 g6 34. Re7 Nf6 35. Rd6+ Kc5 36. Rc7+ Kb4 37. Bc3# 1-0

[Event "Women's Speed Chess Q1"]
[Site "chess.com INT"]
[Date "2021.05.28"]
[Round "7"]
[White "Morris-Suzuki, Sophie"]
[Black "Rakshitta, Ravi"]
[Result "1-0"]
[WhiteTitle "WFM"]
[BlackTitle "WIM"]
[WhiteElo "2043"]
[BlackElo "2190"]
[WhiteFideId "30922615"]
[BlackFideId "25073230"]
[EventDate "2021.05.28"]

1. e4 e5 2. Nf3 Nc6 3. Bc4 Bc5 4. O-O d6 5. h3 h6 6. c3 Nf6 7. d4 exd4 8. cxd4
Bb6 9. Qc2 O-O 10. e5 Nh5 11. Rd1 Qe7 12. Nc3 dxe5 13. Nd5 Qd6 14. dxe5 Nxe5 15.
Nxe5 Qxe5 16. Bd2 Bd4 17. Re1 Qd6 18. Bb4 Qg3 19. Ne3 Bxe3 20. Rxe3 Qg5 21. Bxf8
Nf4 22. Rg3 Qe5 23. Bxg7 Qc5 24. Bd4+ 1-0

[Event "Women's Speed Chess Q1"]
[Site "chess.com INT"]
[Date "2021.05.28"]
[Round "7"]
[White "Michelle Catherina, P"]
[Black "Chaves, Joara"]
[Result "1-0"]
[WhiteTitle "WIM"]
[BlackTitle "WIM"]
[WhiteElo "2176"]
[BlackElo "1901"]
[WhiteFideId "5005736"]
[BlackFideId "2100622"]
[EventDate "2021.05.28"]

1. e4 e5 2. Nf3 Nc6 3. Bb5 a6 4. Ba4 Nf6 5. d3 b5 6. Bb3 Be7 7. O-O d6 8. a4 Bd7
9. Nc3 b4 10. Ne2 a5 11. Ng3 O-O 12. d4 Bg4 13. c3 exd4 14. cxd4 Bxf3 15. gxf3
g6 16. Be3 Re8 17. Rc1 Nb8 18. Qc2 Na6 19. Qc4 d5 20. Qc6 Nh5 21. Bxd5 Ra7 22.
Nxh5 gxh5 23. Kh1 Kh8 24. Bxf7 Rf8 25. Bxh5 Bd6 26. e5 Qh4 27. Bg4 Be7 28. d5
Raa8 29. d6 cxd6 30. exd6 Bf6 31. d7 Be5 32. f4 Bxb2 33. Bf3 Rad8 34. Qxa6 Bxc1
35. Bd4+ 1-0

[Event "Women's Speed Chess Q1"]
[Site "chess.com INT"]
[Date "2021.05.28"]
[Round "7"]
[White "Assaubayeva, Bibisara"]
[Black "Avramidou, Anastasia"]
[Result "1-0"]
[WhiteTitle "IM"]
[BlackTitle "FM"]
[WhiteElo "2381"]
[BlackElo "2238"]
[WhiteFideId "13708694"]
[BlackFideId "4239873"]
[EventDate "2021.05.28"]

1. d4 Nf6 2. c4 g6 3. Nc3 d5 4. cxd5 Nxd5 5. e4 Nxc3 6. bxc3 Bg7 7. Nf3 O-O 8.
Be3 c5 9. Qd2 Nc6 10. Be2 Qc7 11. O-O b6 12. Rac1 Bb7 13. d5 Ne5 14. Nxe5 Bxe5
15. f4 Bg7 16. c4 Rfd8 17. Bf3 e6 18. e5 exd5 19. cxd5 Qd7 20. d6 Bxf3 21. Rxf3
Qe6 22. Bf2 f6 23. Re1 fxe5 24. fxe5 Rd7 25. Bg3 Re8 26. Kh1 c4 27. a4 a6 28.
Qb4 b5 29. axb5 axb5 30. Qxb5 h5 31. h3 Rc8 32. Rc1 h4 33. Bh2 Kh7 34. Rf4 Bh6
35. Rxh4 g5 36. Rhxc4 Rf8 37. Qb1+ Kh8 38. Rc7 g4 39. Rxd7 Qxd7 40. Rc7 Qf5 41.
Qxf5 Rxf5 42. Bg3 Rf1+ 43. Kh2 gxh3 44. d7 Rd1 45. Rc8+ 1-0

[Event "Women's Speed Chess Q1"]
[Site "chess.com INT"]
[Date "2021.05.28"]
[Round "7"]
[White "Bodnaruk, Anastasia"]
[Black "Eswaran, Ashritha"]
[Result "1-0"]
[WhiteTitle "IM"]
[BlackTitle "WIM"]
[WhiteElo "2457"]
[BlackElo "2244"]
[WhiteFideId "4181751"]
[BlackFideId "2080788"]
[EventDate "2021.05.28"]

1. e4 c5 2. Nc3 Nc6 3. Bb5 Nd4 4. Bc4 e6 5. Nf3 Ne7 6. O-O Nec6 7. d3 Be7 8.
Nxd4 cxd4 9. Ne2 O-O 10. Bb3 d5 11. exd5 exd5 12. Nf4 Be6 13. Re1 Qd6 14. Bd2 a5
15. a3 Bg5 16. Qf3 Bxf4 17. Bxf4 Qd7 18. Qg3 Kh8 19. Re2 Rae8 20. Rae1 Bg4 21.
f3 Bf5 22. Rxe8 Rxe8 23. Bxd5 Be6 24. Bxe6 Rxe6 25. Re4 f5 26. Re1 Qe7 27. Kf1
h6 28. h4 b5 29. h5 b4 30. a4 b3 31. cxb3 Nb4 32. Rd1 Re2 33. Bd6 Qe3 34. Bf8 g5
35. hxg6 Nxd3 36. Bxh6 Rf2+ 37. Kg1 Rxg2+ 38. Kxg2 Qe2+ 39. Kh3 Nf2+ 40. Kh4
Qe7+ 41. Bg5 1-0

[Event "Women's Speed Chess Q1"]
[Site "chess.com INT"]
[Date "2021.05.28"]
[Round "7"]
[White "Kiran, Manisha Mohanty"]
[Black "Zhai, Mo"]
[Result "1-0"]
[WhiteTitle "WGM"]
[BlackTitle "WGM"]
[WhiteElo "2168"]
[BlackElo "2366"]
[WhiteFideId "5019575"]
[BlackFideId "8600201"]
[EventDate "2021.05.28"]

1. e4 c5 2. Nf3 Nc6 3. d4 cxd4 4. Nxd4 Nf6 5. Nc3 d6 6. Bc4 e6 7. O-O Be7 8. Kh1
O-O 9. f4 Bd7 10. f5 Nxd4 11. Qxd4 Qb6 12. Qd3 Rac8 13. Bb3 a5 14. a4 Rfe8 15.
Bg5 Qc5 16. Qh3 Qe5 17. Bf4 Qc5 18. fxe6 fxe6 19. Bxe6+ Bxe6 20. Qxe6+ Kh8 21.
Qh3 Qb4 22. Rab1 Nxe4 23. Nxe4 Qxe4 24. Rbe1 Qxc2 25. Rc1 Qe2 26. Rce1 Qc4 27.
b3 Qc6 28. Rc1 Qa6 29. Rce1 Bf6 30. Qd7 Qc6 31. Qxd6 Qc3 32. Rxe8+ Rxe8 33. Bd2
Qxb3 34. h3 Qe6 35. Qxe6 Rxe6 36. Bxa5 Ra6 37. Bc3 h6 38. Bxf6 1-0

[Event "Women's Speed Chess Q1"]
[Site "chess.com INT"]
[Date "2021.05.28"]
[Round "7"]
[White "Purtseladze, Maka"]
[Black "Belenkaya, Dina"]
[Result "0-1"]
[WhiteTitle "IM"]
[BlackTitle "WGM"]
[WhiteElo "2274"]
[BlackElo "2304"]
[WhiteFideId "13602659"]
[BlackFideId "24142654"]
[EventDate "2021.05.28"]

1. d4 d5 2. c4 dxc4 3. e3 Nf6 4. Bxc4 a6 5. Nf3 e6 6. a4 c5 7. O-O Nc6 8. Nc3
Bd6 9. Qe2 Qc7 10. dxc5 Bxc5 11. e4 Ng4 12. h3 Nd4 13. hxg4 Nxe2+ 14. Bxe2 Bd7
15. g5 Bc6 16. Bd2 O-O 17. Rfc1 Qe7 18. Ne5 Rac8 19. Nxc6 Rxc6 20. e5 Bd4 21.
Bf3 Rc7 22. Bf4 Rfc8 23. a5 g6 24. Rd1 Bxc3 25. bxc3 Rxc3 26. Rd6 R3c4 27. Be3
Rc3 28. Bd2 Rc2 29. Bf4 R8c4 30. g3 Rxf4 31. gxf4 Rc4 0-1

[Event "Women's Speed Chess Q1"]
[Site "chess.com INT"]
[Date "2021.05.28"]
[Round "7"]
[White "Paehtz, Elisabeth"]
[Black "Pham, Le Thao Nguyen"]
[Result "1-0"]
[WhiteTitle "IM"]
[BlackTitle "IM"]
[WhiteElo "2456"]
[BlackElo "2369"]
[WhiteFideId "4641833"]
[BlackFideId "12401226"]
[EventDate "2021.05.28"]

1. d4 d5 2. Bf4 c5 3. e3 Nc6 4. c3 Nf6 5. Nd2 cxd4 6. exd4 Bf5 7. Ngf3 e6 8. Ne5
Bd6 9. Bb5 Bxe5 10. Bxe5 O-O 11. Bg3 a6 12. Ba4 b5 13. Bb3 Nd7 14. O-O Na5 15.
Re1 Nc4 16. Qc1 Rc8 17. Nf1 Qb6 18. a3 a5 19. Ne3 Bg6 20. h4 Nf6 21. Bf4 Nxe3
22. Qxe3 b4 23. cxb4 axb4 24. a4 Bc2 25. a5 Qb5 26. a6 Nd7 27. a7 Bxb3 28. Qxb3
Ra8 29. Ra4 Rfc8 30. Rxb4 Qa6 31. Ra4 Qc6 32. Rea1 h6 33. Rb4 h5 34. Rb7 g6 35.
Qb5 Qxb5 36. Rxb5 Kf8 37. Rb7 Ke8 38. b4 Rc4 39. Rb8+ 1-0

[Event "Women's Speed Chess Q1"]
[Site "chess.com INT"]
[Date "2021.05.28"]
[Round "7"]
[White "Zhou, Qiyu"]
[Black "Koridze, Lile"]
[Result "0-1"]
[WhiteTitle "FM"]
[BlackTitle "WFM"]
[WhiteElo "2229"]
[BlackElo "2016"]
[WhiteFideId "505161"]
[BlackFideId "13612514"]
[EventDate "2021.05.28"]

1. e4 c5 2. Nf3 g6 3. d4 cxd4 4. Nxd4 Bg7 5. Nc3 Nc6 6. Be3 Nf6 7. Bc4 O-O 8.
Bb3 d6 9. h3 Bd7 10. O-O a6 11. Re1 b5 12. Qd3 Rc8 13. Nd5 Nxd5 14. exd5 Ne5 15.
Qe2 Nc4 16. Bxc4 Rxc4 17. c3 Qa8 18. Qf3 Rc5 19. Bg5 Qxd5 20. Qxd5 Rxd5 21. Rxe7
Bxh3 22. Be3 Bc8 23. Rc7 Bf6 24. Nc6 Re8 25. Nb4 Rh5 26. Ra7 Be5 27. Nxa6 Bh2+
28. Kf1 Bf4 29. Ke2 Bxe3 30. fxe3 Rhe5 31. Nb4 Rxe3+ 32. Kd2 Re2+ 33. Kd3 Bf5+
34. Kd4 Rd2+ 0-1

[Event "Women's Speed Chess Q1"]
[Site "chess.com INT"]
[Date "2021.05.28"]
[Round "7"]
[White "Padmini, Rout"]
[Black "Nguyen, Hong Anh"]
[Result "1/2-1/2"]
[WhiteTitle "IM"]
[BlackTitle "WIM"]
[WhiteElo "2370"]
[BlackElo "1993"]
[WhiteFideId "5029295"]
[BlackFideId "12406732"]
[EventDate "2021.05.28"]

1. e4 c5 2. c3 d5 3. exd5 Qxd5 4. Nf3 Nc6 5. d4 e6 6. Na3 Nf6 7. Be3 cxd4 8. Nb5
Qd8 9. Nbxd4 Nxd4 10. Bxd4 Be7 11. Bd3 O-O 12. O-O b6 13. Ng5 h6 14. Nf3 Bb7 15.
Qe2 Qd5 16. Rfe1 Qh5 17. Bxf6 Bxf6 18. Be4 Bxe4 19. Qxe4 Rad8 20. Rad1 Qb5 21.
Qc2 Qc4 22. a4 a6 23. g3 b5 24. axb5 axb5 25. Nd2 Qc6 26. Ne4 Be7 27. Qe2 Rd5
28. Rxd5 exd5 29. Nd2 Bf6 30. Nf3 Qc4 31. Qd2 Rb8 32. Nd4 b4 33. Kg2 bxc3 34.
bxc3 Rc8 35. Re3 Bg5 36. f4 Bf6 37. Rd3 Ra8 38. Qe3 Ra2+ 39. Rd2 Ra3 40. Ne2
Bxc3 41. Nxc3 Rxc3 42. Qe8+ Kh7 43. Qxf7 Qe4+ 44. Kh3 d4 45. f5 Rf3 46. Qg6+ Kg8
47. Qe6+ Qxe6 48. fxe6 d3 49. Kg4 Re3 50. Kf4 Rxe6 51. Rxd3 Re2 52. h4 1/2-1/2

[Event "Women's Speed Chess Q1"]
[Site "chess.com INT"]
[Date "2021.05.28"]
[Round "7"]
[White "Kanyamarala, Trisha"]
[Black "Ramirez, Maria Eugenia"]
[Result "0-1"]
[WhiteTitle "WIM"]
[BlackTitle "WFM"]
[WhiteElo "2180"]
[BlackElo "2057"]
[WhiteFideId "45004722"]
[BlackFideId "3301680"]
[EventDate "2021.05.28"]

1. d4 Nf6 2. c4 e6 3. Nc3 c5 4. d5 exd5 5. cxd5 d6 6. e4 g6 7. Nf3 Bg7 8. Bd3
O-O 9. O-O Na6 10. a3 Nc7 11. Re1 a6 12. a4 b6 13. h3 Rb8 14. Qe2 Re8 15. Qf1
Qd7 16. e5 Nfxd5 17. Nxd5 Nxd5 18. Bc4 Bb7 19. Bxa6 dxe5 20. Bxb7 Qxb7 21. Ng5
Nb4 22. Rd1 e4 23. h4 h6 24. Nh3 Rbd8 25. Nf4 Nc2 26. Rb1 Nd4 27. Be3 Nf5 28.
Qc4 Nxe3 29. fxe3 Kh7 30. Rf1 f5 31. h5 g5 32. Ne2 Qd5 33. Qc2 Qd3 34. Rbc1 Qxc2
35. Rxc2 Re5 36. Ng3 Rf8 37. Rcf2 f4 38. exf4 Rd5 39. Nxe4 Bd4 40. Kh1 Bxf2 41.
Rxf2 gxf4 42. g3 f3 43. Kh2 Rd4 44. Nc3 Rb4 45. Kh3 Kg7 46. Rd2 f2 0-1

[Event "Women's Speed Chess Q1"]
[Site "chess.com INT"]
[Date "2021.05.28"]
[Round "7"]
[White "Sukandar, Irine Kharisma"]
[Black "Berend, Elvira"]
[Result "0-1"]
[WhiteTitle "IM"]
[BlackTitle "WGM"]
[WhiteElo "2413"]
[BlackElo "2326"]
[WhiteFideId "7101937"]
[BlackFideId "4000510"]
[EventDate "2021.05.28"]

1. d4 Nf6 2. Bf4 g6 3. Nc3 d5 4. e3 c6 5. h4 b5 6. Bd3 Bf5 7. Nf3 Bg4 8. Qd2
Bxf3 9. gxf3 Qa5 10. a3 Nbd7 11. O-O-O Nh5 12. Bh2 e6 13. Ne2 b4 14. Kb1 Qb6 15.
a4 a6 16. Nc1 c5 17. dxc5 Nxc5 18. e4 Nxa4 19. Nb3 Bg7 20. e5 O-O 21. Rhg1 a5
22. Rg4 Nc5 23. Qe3 Rfc8 24. Nd4 b3 25. Nxb3 a4 26. Nxc5 Rxc5 27. Qd4 Qc7 28.
Rg5 a3 29. bxa3 Rxa3 30. Rdg1 Rca5 31. Kc1 Bh6 32. f4 Bxg5 33. Rxg5 R5a4 34. Qe3
Qc3 35. Kd1 Ra1+ 36. Ke2 Re1+ 37. Kf3 Rxe3+ 38. fxe3 Qe1 39. Rg1 Qxh4 40. Rg2
Qh3+ 41. Kf2 d4 0-1

[Event "Women's Speed Chess Q1"]
[Site "chess.com INT"]
[Date "2021.05.28"]
[Round "7"]
[White "Shuvalova, Polina"]
[Black "Gu, Xiaobing"]
[Result "1-0"]
[WhiteTitle "IM"]
[BlackTitle "WGM"]
[WhiteElo "2484"]
[BlackElo "2263"]
[WhiteFideId "24171760"]
[BlackFideId "8602611"]
[EventDate "2021.05.28"]

1. e4 c5 2. Nf3 d6 3. d4 cxd4 4. Nxd4 Nf6 5. Nc3 a6 6. a3 e5 7. Nf5 Bxf5 8. exf5
d5 9. Bg5 d4 10. Bxf6 Qxf6 11. Nd5 Qc6 12. c4 Nd7 13. Bd3 Nf6 14. Nxf6+ Qxf6 15.
Qf3 Qc6 16. Qe2 Rc8 17. Qxe5+ Be7 18. Qxg7 Bf6 19. Qg4 Kd7 20. O-O Rhg8 21. Qh3
h5 22. Rfe1 Rg5 23. Rad1 Rcg8 24. g3 h4 25. Qg2 Qd6 26. Qxb7+ Kd8 27. c5 Qxc5
28. Bxa6 Be5 29. b4 Qd6 30. Rd3 hxg3 31. hxg3 Rh8 32. f6 Qc7 33. Qa8+ Qb8 34.
Rxd4+ Kc7 35. Rc1+ 1-0

[Event "Women's Speed Chess Q1"]
[Site "chess.com INT"]
[Date "2021.05.28"]
[Round "7"]
[White "Ovezdurdiyeva, Jemal"]
[Black "Nguyen, Thi Mai Hung"]
[Result "0-1"]
[WhiteTitle "WFM"]
[BlackTitle "WGM"]
[WhiteElo "2061"]
[BlackElo "2254"]
[WhiteFideId "14001888"]
[BlackFideId "12401676"]
[EventDate "2021.05.28"]

1. d4 d5 2. c4 c6 3. Nf3 Nf6 4. e3 Bf5 5. Nc3 e6 6. Bd3 Bxd3 7. Qxd3 Nbd7 8. O-O
Bb4 9. a3 Bxc3 10. bxc3 Ne4 11. Nd2 f5 12. f3 Nxd2 13. Bxd2 Nf6 14. c5 O-O 15.
Rab1 Qd7 16. Rb2 Rf7 17. Rfb1 Qc8 18. Be1 g5 19. Bg3 a6 20. Be5 Ra7 21. Qd2 Nd7
22. Bd6 h6 23. Rb3 Nf8 24. R1b2 Ng6 25. Qc2 Kh7 26. Rb6 Qe8 27. Qb1 Qd7 28. Bb8
Ra8 29. Rxb7 Qe8 30. Rxf7+ Qxf7 31. Rb7 Ne7 32. Bd6 Re8 33. Qb6 Kg6 34. Qc7 Kf6
35. Bxe7+ Rxe7 36. Qe5+ Kg6 37. Rb6 Qe8 38. Rxa6 Rb7 39. Rb6 Ra7 40. Rb8 Qf7 41.
Rc8 Rxa3 42. Rc7 Qf6 43. Qd6 Rxc3 44. Qxc6 g4 45. f4 Rc1+ 46. Kf2 Qh4+ 47. Ke2
Qe1+ 48. Kd3 Rc3# 0-1

[Event "Women's Speed Chess Q1"]
[Site "chess.com INT"]
[Date "2021.05.28"]
[Round "7"]
[White "Pourkashiyan, Atousa"]
[Black "Arpita, Mukherjee"]
[Result "1-0"]
[WhiteTitle "WGM"]
[BlackTitle "WIM"]
[WhiteElo "2322"]
[BlackElo "2206"]
[WhiteFideId "12502014"]
[BlackFideId "5056403"]
[EventDate "2021.05.28"]

1. e4 c5 2. Nf3 d6 3. d4 cxd4 4. Nxd4 Nf6 5. Nc3 a6 6. Bc4 e6 7. O-O Nbd7 8. Bb3
Nc5 9. f3 Be7 10. a3 Qb6 11. Kh1 e5 12. Na4 Qc7 13. Nxc5 dxc5 14. Ne2 c4 15. Ba2
O-O 16. b3 Be6 17. bxc4 Bxc4 18. Bxc4 Qxc4 19. Rb1 b5 20. Ng3 Rfd8 21. Qe1 Qxc2
22. Bg5 h6 23. Be3 Bf8 24. Nf5 Nh5 25. Qh4 Nf4 26. Bxf4 exf4 27. Qxf4 Rd2 28.
Qg4 Kh8 29. h3 Rad8 30. Qf4 Rxg2 31. Ne3 Qe2 32. Nxg2 Rd2 33. Qh2 Bd6 34. f4
Qxe4 35. Rbe1 Qd5 36. Qg3 Kh7 37. Rf2 Rd3 38. Qg4 Bc5 39. Rc2 Bxa3 40. Kh2 Bd6
41. Qe2 a5 42. Rcc1 g6 43. Rcd1 Rxd1 44. Rxd1 Qc5 45. Qd3 1-0

[Event "Women's Speed Chess Q1"]
[Site "chess.com INT"]
[Date "2021.05.28"]
[Round "7"]
[White "Obregon Garcia, Roxangel"]
[Black "Mendoza, Beverly"]
[Result "1-0"]
[WhiteTitle "WIM"]
[BlackTitle "WIM"]
[WhiteElo "2167"]
[BlackElo "1945"]
[WhiteFideId "3520420"]
[BlackFideId "5201250"]
[EventDate "2021.05.28"]

1. e4 e6 2. d4 d5 3. e5 c5 4. c3 Nc6 5. Nf3 Bd7 6. Be2 Nge7 7. dxc5 Ng6 8. b4
Ncxe5 9. Nxe5 Nxe5 10. f4 Ng6 11. O-O b6 12. f5 bxc5 13. fxg6 hxg6 14. Bf4 cxb4
15. cxb4 Bxb4 16. Be5 Bc5+ 17. Kh1 Qh4 18. Nd2 f6 19. Nf3 Qh7 20. Bg3 O-O 21.
Bd3 Rad8 22. Nh4 Be8 23. Qc2 Rc8 24. Bxg6 Qh6 25. Bxe8 Rfxe8 26. Qd3 g5 27. Nf3
Rcd8 28. Rac1 Bb6 29. Rc6 Qg7 30. Nd4 Qd7 31. Rd6 Qg7 32. Nxe6 1-0

[Event "Women's Speed Chess Q1"]
[Site "chess.com INT"]
[Date "2021.05.28"]
[Round "7"]
[White "Mrudul, Dehankar"]
[Black "Arakhamia-Grant, Ketevan"]
[Result "0-1"]
[WhiteTitle "WIM"]
[BlackTitle "GM"]
[WhiteElo "2256"]
[BlackElo "2380"]
[WhiteFideId "25096990"]
[BlackFideId "13600168"]
[EventDate "2021.05.28"]

1. d4 Nf6 2. Bf4 g6 3. Nc3 Bg7 4. e3 d6 5. h4 Nbd7 6. Nf3 c6 7. Qd2 Qa5 8. Be2
b5 9. O-O b4 10. Nb1 O-O 11. Qe1 e5 12. dxe5 dxe5 13. Bh2 Ng4 14. Bg3 Nb6 15.
Nbd2 f5 16. Nb3 Qd5 17. Qxb4 Qf7 18. Ng5 Qf6 19. a4 f4 20. exf4 exf4 21. Bh2
Nxh2 22. Kxh2 h6 23. Nf3 Qxb2 24. a5 Nd5 25. Qc4 Qc3 26. Rad1 Kh7 27. Qxc3 Nxc3
28. Rde1 Nxe2 29. Rxe2 Ba6 30. Rfe1 Bxe2 31. Rxe2 Rae8 32. Rd2 Rd8 33. Re2 Rfe8
34. Rxe8 Rxe8 35. Nfd2 Re2 36. Kg1 Bc3 0-1

[Event "Women's Speed Chess Q1"]
[Site "chess.com INT"]
[Date "2021.05.28"]
[Round "7"]
[White "Vantika, Agrawal"]
[Black "Pujari, Rucha"]
[Result "1-0"]
[WhiteTitle "WIM"]
[BlackTitle "WIM"]
[WhiteElo "2286"]
[BlackElo "2244"]
[WhiteFideId "25050389"]
[BlackFideId "5024528"]
[EventDate "2021.05.28"]

1. d4 d5 2. c4 e6 3. Nf3 Nf6 4. g3 Bb4+ 5. Nbd2 O-O 6. Bg2 b6 7. O-O Bb7 8. Ne5
Nbd7 9. cxd5 Nxe5 10. dxe5 Nxd5 11. Qc2 f5 12. exf6 Qxf6 13. e4 Ba6 14. exd5
Bxf1 15. Nxf1 Bc5 16. Be3 Bxe3 17. Nxe3 Rad8 18. Rd1 Kh8 19. h4 exd5 20. Nxd5
Qe5 21. b3 c5 22. Qd2 Rfe8 23. a4 Qe2 24. Qxe2 Rxe2 25. Rd3 g6 26. Bf3 Rb2 27.
Kg2 Kg7 28. Re3 Kf7 29. Re7+ Kg8 30. Nf6+ Kf8 31. Rxh7 Rdd2 32. Ne4 Rdc2 33. Bd1
Rc1 34. Rd7 Rbb1 35. Bg4 Rxb3 36. Be6 c4 37. Nf6 1-0

[Event "Women's Speed Chess Q1"]
[Site "chess.com INT"]
[Date "2021.05.28"]
[Round "7"]
[White "Antova, Gabriela"]
[Black "Vo, Thi Kim Phung"]
[Result "1/2-1/2"]
[WhiteTitle "FM"]
[BlackTitle "WGM"]
[WhiteElo "2250"]
[BlackElo "2335"]
[WhiteFideId "2915235"]
[BlackFideId "12401838"]
[EventDate "2021.05.28"]

1. e4 e6 2. d4 d5 3. Nd2 Nf6 4. e5 Nfd7 5. f4 c5 6. c3 b6 7. Ndf3 Be7 8. Bd3 Ba6
9. Bxa6 Nxa6 10. Ne2 Qc7 11. g4 h5 12. gxh5 Rxh5 13. Ng3 Rh8 14. f5 cxd4 15.
cxd4 Rc8 16. Bg5 Qc2 17. Rc1 Qxd1+ 18. Kxd1 Rxc1+ 19. Kxc1 Nb4 20. Kd2 Bxg5+ 21.
Nxg5 Ke7 22. a3 Nc6 23. fxe6 fxe6 24. Kd3 Rf8 25. Rf1 Rxf1 26. Nxf1 g6 27. Ng3
Na5 28. Ne2 Nc4 29. Kc3 Nf8 30. Nf4 a5 31. a4 Ne3 32. h3 Nf5 33. b3 Ne3 34. Nf3
Nf5 35. b4 Ne3 36. bxa5 bxa5 37. Ng5 Nf5 38. Nd3 Nd7 39. Nf4 Nf8 40. Nd3 Nd7 41.
Nf4 Nh4 42. Ngxe6 Nb6 43. Kb3 Nf5 44. Kc3 Nxa4+ 45. Kd3 Nb6 46. Nc7 g5 47.
Ncxd5+ Nxd5 48. Nxd5+ Ke6 49. Nc3 Ng3 50. Kc4 Nh5 51. Nd1 Nf4 52. Nf2 a4 53. Kb4
Ne2 54. Kxa4 Nxd4 55. Ne4 Kxe5 56. Nxg5 Kf5 57. h4 Kg4 58. Nf7 Kxh4 1/2-1/2

[Event "Women's Speed Chess Q1"]
[Site "chess.com INT"]
[Date "2021.05.28"]
[Round "7"]
[White "Buksa, Nataliya"]
[Black "Nguyen, Thi Thanh An"]
[Result "1/2-1/2"]
[WhiteTitle "IM"]
[BlackTitle "WGM"]
[WhiteElo "2414"]
[BlackElo "2259"]
[WhiteFideId "14123622"]
[BlackFideId "12400300"]
[EventDate "2021.05.28"]

1. e4 c6 2. Nc3 d5 3. Nf3 dxe4 4. Nxe4 Bf5 5. Qe2 e6 6. Ng3 Bg6 7. d4 Nd7 8. h4
h6 9. Be3 Ngf6 10. Qd2 Ne4 11. Nxe4 Bxe4 12. Bd3 Bxf3 13. gxf3 Nf6 14. c4 Qb6
15. a3 c5 16. dxc5 Bxc5 17. b4 Bxe3 18. fxe3 Rd8 19. Ke2 Ke7 20. Qc3 a6 21. Rad1
Rd7 22. Rhg1 g6 23. Bc2 Rhd8 24. Rxd7+ Rxd7 25. Bxg6 fxg6 26. Rxg6 Ne8 27. Rxh6
Qd6 28. Rh7+ Kd8 29. Rxd7+ Kxd7 30. Qd3 Ke7 31. Qh7+ Kf8 32. Qxb7 Qh2+ 33. Kd3
Qd6+ 34. Kc2 Qh2+ 35. Kb3 Qxh4 36. Qxa6 Qh6 37. Qb6 Qf6 38. a4 Qxf3 39. Qd4 e5
40. Qc5+ Kf7 41. Qd5+ Qxd5 42. cxd5 Ke7 43. Kc4 Kd6 44. a5 Nf6 45. e4 Kc7 46. a6
Nxe4 47. d6+ Nxd6+ 48. Kd5 e4 49. Kd4 Kb6 50. b5 Ka7 51. Ke3 Nxb5 52. Kxe4 Kxa6 1/2-1/2

[Event "Women's Speed Chess Q1"]
[Site "chess.com INT"]
[Date "2021.05.28"]
[Round "7"]
[White "Vaishali, R"]
[Black "Harika, Dronavalli"]
[Result "0-1"]
[WhiteTitle "WGM"]
[BlackTitle "GM"]
[WhiteElo "2393"]
[BlackElo "2515"]
[WhiteFideId "5091756"]
[BlackFideId "5015197"]
[EventDate "2021.05.28"]

1. e4 Nc6 2. Nc3 Nf6 3. d4 d5 4. e5 Nd7 5. e6 fxe6 6. Nf3 g6 7. h4 Bg7 8. h5 e5
9. Nxd5 exd4 10. Bc4 Nde5 11. Nxe5 Nxe5 12. h6 Bf6 13. Bb3 Qd6 14. Bf4 c6 15.
Nxf6+ exf6 16. c3 d3 17. Qd2 Bf5 18. O-O-O O-O-O 19. f3 Be6 20. Rhe1 Bxb3 21.
axb3 Rhe8 22. Re3 Qd5 23. Bxe5 Rxe5 24. Rxd3 Qxd3 25. Qxd3 Rxd3 26. Rxd3 Rh5 27.
Rd6 f5 28. Kd2 Rxh6 29. Ke3 Rh1 30. b4 a6 31. Kf4 Rg1 32. Rd2 Kc7 33. Kg5 Rh1
34. g4 fxg4 35. fxg4 h5 36. Kxg6 hxg4 37. Rg2 Rb1 38. Kg5 Kb6 39. Kxg4 Kb5 40.
Kf5 Kc4 41. Ke5 Kb3 42. Kd4 Rxb2 43. Rg7 Rd2+ 44. Kc5 Rd5+ 45. Kb6 Rb5+ 46. Kc7
Kxc3 47. Rg3+ Kxb4 0-1

[Event "Women's Speed Chess Q1"]
[Site "chess.com INT"]
[Date "2021.05.28"]
[Round "7"]
[White "Linares Napoles, Oleiny"]
[Black "Ambartsumova, Karina"]
[Result "1-0"]
[WhiteTitle "WGM"]
[BlackTitle "IM"]
[WhiteElo "2255"]
[BlackElo "2382"]
[WhiteFideId "3504794"]
[BlackFideId "4166299"]
[EventDate "2021.05.28"]

1. d4 Nf6 2. Nf3 e6 3. b3 c5 4. e3 b6 5. Bb2 Bb7 6. Nbd2 Be7 7. Bd3 d5 8. O-O
O-O 9. Ne5 Nc6 10. a3 Nxe5 11. dxe5 Ne4 12. Qh5 g6 13. Qe2 Nxd2 14. Qxd2 c4 15.
Be2 Rc8 16. Bd4 Qd7 17. b4 Bc6 18. c3 f5 19. exf6 Bxf6 20. f4 Qe7 21. Bg4 Rce8
22. a4 e5 23. fxe5 Bxe5 24. Rxf8+ Rxf8 25. Bxe5 Qxe5 26. Qd4 Qxd4 27. exd4 Rf4
28. Bf3 g5 29. h3 Kf7 30. a5 b5 31. Re1 Kf6 32. Kh2 Rf5 33. Kg3 Rf4 34. Re5 Rf5
35. Re1 Rf4 36. a6 h6 37. Bg4 Re4 38. Rf1+ Ke7 39. Kf2 Kd6 40. Bf3 Re7 41. Ra1
Kc7 42. h4 Kb6 43. hxg5 hxg5 44. Kg3 Re3 45. Ra3 Bd7 46. Kf2 Rd3 47. Bxd5 g4 48.
Be4 Rd2+ 49. Kg3 Re2 50. Kf4 Bc8 51. Ra1 Bxa6 52. Rh1 Bc8 53. Rh6+ Kc7 54. Rh7+
Kb8 55. d5 a6 56. d6 Rd2 57. Ke5 Rd1 58. Bd5 Rd2 59. d7 Bxd7 60. Rxd7 Rd3 61.
Kd6 Rxc3 62. Rd8+ Ka7 63. Kc7 1-0